| 000 | 00774nam a2200205 a 4500 | ||
|---|---|---|---|
| 003 | 0 | ||
| 005 | 20250508130414.0 | ||
| 008 | 021114s19uu xx 00 eng d | ||
| 050 |
_aPGS JV 8748.P6 _b.R997 2002 |
||
| 100 | _aRyu, Yeoi Bom. | ||
| 245 |
_aThe reason of migration of Koreans to the Philippines / _cYeoi Bom Ry. |
||
| 260 |
_aLas PiƱas City, Philippines : _bSouthville International School and Colleges, _c2002. |
||
| 300 |
_a25 pages : _billustrations : _c29 cm. |
||
| 504 | _aIncludes bibliographical references. | ||
| 650 |
_aKoreans _zPhilippines _vEmigration and immigration. |
||
| 650 |
_aImmigrants _zPhilippines _vKorean. |
||
| 650 |
_aPhilippines _vForeign population _zKorean |
||
| 650 |
_aKoreans _zPhilippines _vSocial conditions. |
||
| 942 |
_2lcc _cPASS |
||
| 999 |
_c96649 _d96649 |
||